Complete works. (Record no. 27796)
[ view plain ]
| 000 -LEADER | |
|---|---|
| fixed length control field | 01118cam a2200313 a 4500 |
| 001 - CONTROL NUMBER | |
| control field | 4360592 |
| 003 - CONTROL NUMBER IDENTIFIER | |
| control field | EG-ScBUE |
| 005 - DATE AND TIME OF LATEST TRANSACTION | |
| control field | 20191209113740.0 |
| 008 - FIXED-LENGTH DATA ELEMENTS--GENERAL INFORMATION | |
| fixed length control field | 900820t19811981nyu f 000 d eng d |
| 020 ## - INTERNATIONAL STANDARD BOOK NUMBER | |
| International Standard Book Number | 9780802150509 (volume 4) |
| 040 ## - CATALOGING SOURCE | |
| Original cataloging agency | DLC |
| Language of cataloging | eng |
| Description conventions | rda |
| Transcribing agency | DLC |
| Modifying agency | DLC |
| -- | EG-ScBUE |
| 082 04 - DEWEY DECIMAL CLASSIFICATION NUMBER | |
| Classification number | 822.914 |
| Item number | PIN |
| Edition number | 22 |
| 100 1# - MAIN ENTRY--PERSONAL NAME | |
| Personal name | Pinter, Harold, |
| Dates associated with a name | 1930-2008, |
| Relator term | author, |
| -- | writer of introduction. |
| 240 10 - UNIFORM TITLE | |
| Uniform title | <a href="Works. ">Works. </a> |
| Date of a work | 1981 |
| 245 10 - TITLE STATEMENT | |
| Title | Complete works. |
| Number of part/section of a work | Four / |
| Statement of responsibility, etc | Harold Pinter ; with an introduction by the author. |
| 264 #1 - PUBLICATION, DISTRIBUTION, ETC. (IMPRINT) | |
| Place of publication, distribution, etc | New York : |
| Name of publisher, distributor, etc | Grove Press / Grove, Atlantic, |
| Date of publication, distribution, etc | [1981] |
| 264 #4 - PUBLICATION, DISTRIBUTION, ETC. (IMPRINT) | |
| Date of publication, distribution, etc | c1981 |
| 300 ## - PHYSICAL DESCRIPTION | |
| Extent | Volume 4 ; |
| Dimensions | 21 cm |
| 336 ## - CONTENT TYPE | |
| Content type term | text |
| Content type code | txt |
| Source | rdacontent |
| 337 ## - MEDIA TYPE | |
| Media type term | unmediated |
| Media type code | n |
| Source | rdamedia |
| 338 ## - CARRIER TYPE | |
| Carrier type term | volume |
| Carrier type code | nc |
| Source | rdacarrier |
| 500 ## - GENERAL NOTE | |
| General note | "This is Volume Four of the Collected Works of Harold Pinter"<br/> |
| 505 2# - FORMATTED CONTENTS NOTE | |
| Formatted contents note | Volume four. Old times -- No Man's land -- Betrayal -- Monologue -- Family voices. |
| 586 ## - AWARDS NOTE | |
| Awards note | Nobel prize for literature, 2005. |
| 650 #7 - SUBJECT ADDED ENTRY--TOPICAL TERM | |
| Topical term or geographic name as entry element | English drama |
| General subdivision | 20th century. |
| Source of heading or term | BUEsh |
| 653 ## - INDEX TERM--UNCONTROLLED | |
| Resource For college | Humanities: English |
| Arrived date list | November2019 |
| 655 ## - INDEX TERM--GENRE/FORM | |
| Form subdivision | Reading book |
| 942 ## - ADDED ENTRY ELEMENTS (KOHA) | |
| Source of classification or shelving scheme | Dewey Decimal Classification |
| Koha item type | Book - Borrowing |
| Withdrawn status | Lost status | Source of classification or shelving scheme | Damaged status | Not for loan | Collection code | Home library | Current library | Shelving location | Date acquired | Source of acquisition | Cost, normal purchase price | Total Checkouts | Full call number | Barcode | Date last seen | Cost, replacement price | Price effective from | Koha item type |
|---|---|---|---|---|---|---|---|---|---|---|---|---|---|---|---|---|---|---|
| Dewey Decimal Classification | Baccah | Central Library | Central Library | Second Floor | 21/11/2019 | Purchase | 340.00 | 822.914 PIN | 000048278 | 15/07/2025 | 425.00 | 21/11/2019 | Book - Borrowing |